000
00307nam a22001337a 4500
008
170308b xxu||||| |||| 00| 0 eng d
020
_a
9780471374879
041
_a
eng
080
_a
611
100
_a
6
101
_a
SHM
245
_a
A PHOTOGRAPHIC ATLAS OF THE HUMAN BODY
_c
TORTORA. G.J
942
_2
udc
_c
BK
999
_c
7234
_d
7234